000 00325nam a2200145Ia 4500
005 20251222141941.0
008 251222s9999||||xx |||||||||||||| ||spa||
020 _a970-686-468-7
082 _a155.2/K17
100 _aKail, Robert V.
245 0 _aDesarrollo humano:
250 _a3a.ed.
264 _bThomson
942 _cLIB
999 _c9356
_d9356